000
00286nam a2200121 a 4500
008
100910s1962|||| d
245
1
0
_a
Pamäti Klubu pickwickovcov
100
1
_a
Dickens, Charles
260
_b
SVKL
_a
Bratislava
_c
1962
044
_a
xo
_c
SK
041
_a
slo
020
_c
39
999
_c
10277
_d
10277